000
00181 a2200097 4500
020
_a
0878924167L3
041
_a
eng
100
_a
L.Harris, Theodore
245
_a
Sun Tree
942
_c
BK
999
_c
9806
_d
9806